Представление документа в формате MARC21

Поле Инд. ПП Название Значение
Тип записи a
Библиографический уровень m
001 _ Контрольный номер RU/ЭБС IPR BOOKS/52019
005 Дата корректировки 20250915131054.3
008 Кодируемые данные 211122s2017 RU y f j 000 1 rus u
020 a ISBN 978-5-87172-082-0
040 c Служба, преобразующая запись ЭБС IPR BOOKS
041 a Код языка текста rus
044 a Код страны публикации RU
080 a Индекс УДК 796
084 2 Источник индекса rubbk
a Индекс другой классификации/Индекс ББК 75.1
100 1_ a Автор Германов, Г. Н.
4 Код отношения 070
245 a Заглавие Двигательные способности и навыки. Разделы теории физической культуры
b Продолж. заглавия учебное пособие для студентов-бакалавров и магистров высших учебных заведений по направлениям подготовки 49.03.01, 49.04.01 «физическая культура» и 44.03.01, 44.04.01 «педагогическое образование»
c Ответственность Г. Н. Германов
250 g Весь срок охраны авторского права
a Основные сведения об издании Двигательные способности и навыки. Разделы теории физической культуры
256 a Характеристики компьютерного файла Электрон. дан. (1 файл)
260 a Место издания Воронеж
b Издательство Элист
c Дата издания 2017
300 a Объем 303 с.
500 a Примечание Книга находится в премиум-версии ЭБС IPR BOOKS.
516 a Прим. о типе комп. файла/ данных Текст
520 a Аннотация В учебном пособии рассматривается проблематика воспитания двигательных качеств и сопряженных с ними способностей, анализируются аспекты теоретико-методического понимания способностей через призму восприятия общего и специального в физических качествах человека. Представлены к рассмотрению вопросы учения о воспитании двигательных способностей во взаимосвязи с формированием двигательных умений и навыков. Научное издание адресовано студентам-бакалаврам и магистрантам, обучающимся в системе высшего образования, педагогам и специалистам, работающим в этой сфере, аспирантам и теоретикам физической культуры и спорта, занимающимся исследованиями в этой области.
521 a Примеч. о целев. назн. Весь срок охраны авторского права
538 a Прим. о системных особенностях электронный
653 a Ключевые слова двигательная способность
653 a Ключевые слова физическая культура
653 a Ключевые слова двигательное качество
653 a Ключевые слова физическое качество
856 4_ u URL http://www.iprbookshop.ru/52019.html
z Примечание для пользователя Участвует в КО